| 000 | 00802nam a2200253 4500 | ||
|---|---|---|---|
| 003 | OSt | ||
| 005 | 20260601171005.0 | ||
| 008 | 260508b1995\\\\|||a||||\||||\00|\0\spa\d | ||
| 020 | _a9802597201 | ||
| 040 |
_aICI _bspa _cICI |
||
| 050 |
_aNK1510 _bS28 |
||
| 100 | 1 | _aSato, Alberto | |
| 245 | 1 |
_aDetras de las Cosas: _bEl Diseño Industrial en Venezuela/ _cSato, Alberto |
|
| 264 |
_bPDVSA Petróleos de Venezuela _c1995 _aVenezuela |
||
| 300 | _a80 páginas | ||
| 336 |
_atexto _2rdacontent |
||
| 337 |
_asin medio _2rdamedia |
||
| 338 |
_avolumen _2rdacarrier |
||
| 650 |
_aDiseño industrial _zVenezuela _932176 |
||
| 650 |
_aDiseño de productos _zVenezuela _932177 |
||
| 650 |
_aDiseño industrial _xHistoria _932178 |
||
| 650 |
_aDiseño contemporáneo latinoamericano _932179 |
||
| 942 |
_2lcc _cB _n1 |
||
| 999 |
_c20259 _d20259 |
||